The logic of quantum mechanics
Αποθηκεύτηκε σε:
| Κύριος συγγραφέας: | |
|---|---|
| Άλλοι συγγραφείς: | |
| Μορφή: | Βιβλίο |
| Γλώσσα: | English |
| Δημοσίευση: |
Cambridge, [Cambridgeshire] ; New York, NY, USA :
Cambridge University Press,
1984
|
| Σειρά: | Encyclopedia of mathematics and its applications ;
; 15 Encyclopedia of mathematics and its applications. Section, Mathematics of physics |
| Θέματα: | |
| Ετικέτες: |
Προσθήκη ετικέτας
Δεν υπάρχουν, Καταχωρήστε ετικέτα πρώτοι!
|
MARC
| LEADER | 00000nam a2200000 i 4500 | ||
|---|---|---|---|
| 001 | 1/37272 | ||
| 008 | 941103s1984 eng d | ||
| 020 | |a 0521302358 | ||
| 035 | |l 10040467 | ||
| 035 | |a 1990 |c ΧΑΤΖΗΣΑΒΒΑΣ | ||
| 040 | |a GR-MY-UA |b gre |e aacr | ||
| 041 | 0 | |a eng | |
| 082 | 0 | |a 530.12 | |
| 100 | 1 | |a Beltrametti, Enrico G. | |
| 245 | 1 | 4 | |a The logic of quantum mechanics / |c Enrico G. Beltrametti and Gianni Cassinelli ; foreword by Peter A. Carruthers |
| 260 | |a Cambridge, [Cambridgeshire] ; New York, NY, USA : |b Cambridge University Press, |c 1984 | ||
| 300 | |a xxvi, 305 p.; |b ill.; |c 25 cm. | ||
| 490 | 1 | |a Encyclopedia of mathematics and its applications. Section, Mathematics of physics |v ; 15 | |
| 490 | 1 | |a Encyclopedia of mathematics and its applications | |
| 500 | |a Imprint and ISBN from label on t.p. verso. Imprint on t.p.: Reading, Mass. : Addison-Wesley, Advanced Book Program, 1981 | ||
| 500 | |a Publication taken over by Cambridge University Press in 1984 with a new copyright date | ||
| 500 | |a Includes bibliographies and index | ||
| 650 | 0 | 0 | |a Quantum theory. |
| 650 | 0 | 0 | |a Hilbert space. |
| 700 | 1 | |a Cassinelli, Gianni. | |
| 830 | 0 | |a Encyclopedia of mathematics and its applications ; |v ; 15 | |
| 830 | 0 | |a Encyclopedia of mathematics and its applications. Section, Mathematics of physics | |
| 852 | |a INST |b SAMOS |e 19941103 |h 530.12 BEL |p 005300006275 |q 005300006275 |t BK |y 0 | ||
| 909 | |a Σ |b 018960 | ||